Statistics for U.S. States with the Most Farmland

Click here to take the quiz!

General Stats

  • This quiz has been taken 20,492 times
    (20,434 since last reset)
  • The average score is 8 of 10

Answer Stats

% State % Correct
88.2Kansas
87%
77.8Texas
86%
85.7Iowa
81%
92.2Nebraska
80%
89.2South Dakota
78%
88.9North Dakota
76%
78.3Oklahoma
75%
64.2Missouri
70%
75.8Illinois
63%
64.2Indiana
62%

Score Distribution

Percentile by Number Answered

Percent of People with Each Score

Your Score History

You have not taken this quiz since the last reset